00945 2200325 4500001002100000005001500021035002000036007000300056008004100059040001700100100002600117245011700143250000900260300003700269020002200306041000800328082001100336084001700347090002200364260003000386500002600416650001600442700003100458850001000489990002400499990002400523990002400547990002400571990002400595INLIS00000000000214420260603101332 a0010-0120000587ta260603 1  aSBPUPADbind0 aWinkanda Satria Putra1 aKumpulan Dongeng Negeri Swedia :bSeri Cerita Dongeng Dunia /cWinkanda Satria Putra; Editor, Th. Arie Prabawati aEd.1 avii 88 hlm :bilus. ;c19x 23 cm a978-979-29-7099-907aind a398.23 a398.23 WIN k a398.23 WIN k 28-3 aYogyakarta :bANDI,c2018 aTentang Penulis 87hlm 4aCerita Anak0 aEditor, Th. Arie Prabawati aPUPAD a34.384/DAK/DPK/2019 a34.381/DAK/DPK/2019 a34.381/DAK/DPK/2019 a34.382/DAK/DPK/2019 a34.383/DAK/DPK/2019